Task switching and cognitive control /

One thing that separates human beings from the rest of the animal world is our ability to control behavior by referencing internal plans, goals, and rules. This ability, which is crucial to our success in a complex social environment, depends on the purposeful generation of "task sets"--St...

Full description

Bibliographic Details
Other Authors: Grange, James (James A.), Houghton, George
Format: eBook
Language:English
Published: New York : Oxford University Press, ©2014.
Subjects:
Online Access:Connect to the full text of this electronic book

MARC

Tag First Indicator Second Indicator Subfields
LEADER 00000cam a2200000 a 4500
001 in00005710708
005 20260318193121.8
006 m o d
007 cr cnu---unuuu
008 140523s2014 nyu o 001 0 eng d
040 |a IDEBK  |b eng  |e pn  |c IDEBK  |d EBLCP  |d N$T  |d MHW  |d YDXCP  |d E7B  |d CDX  |d OCLCF  |d OCLCQ  |d DEBSZ  |d OCLCQ  |d STBDS  |d LGG  |d OTZ  |d OCLCQ  |d MERER  |d OCLCQ  |d WYU  |d U3G  |d OCLCQ  |d MVS  |d K6U  |d OCLCO  |d SFB  |d OCLCO  |d INARC  |d OCLCQ  |d OCL  |d OCLCQ  |d OCLCO  |d OCLCL  |d CLOUD  |d OCLCO  |d UKKRT  |d OCLCQ  |d OCLCL 
020 |a 9780199921966  |q (electronic bk.) 
020 |a 0199921962  |q (electronic bk.) 
020 |a 1306797683  |q (electronic bk.) 
020 |a 9781306797689  |q (electronic bk.) 
035 |a (OCoLC)880409722 
050 4 |a BF637.B4  |b T37 2014 
060 4 |a 2014 I-495 
060 4 |a BF 311 
072 7 |a PSY  |x 008000  |2 bisacsh 
072 7 |a SCI  |x 090000  |2 bisacsh 
082 0 4 |a 153.8  |a 153.85  |2 22 
084 |a 77.31  |2 bcl 
049 |a TXAM 
245 0 0 |a Task switching and cognitive control /  |c edited by James A. Grange and George Houghton. 
260 |a New York :  |b Oxford University Press,  |c ©2014. 
300 |a 1 online resource 
336 |a text  |b txt  |2 rdacontent 
337 |a computer  |b c  |2 rdamedia 
338 |a online resource  |b cr  |2 rdacarrier 
500 |a Includes index. 
588 0 |a Print version record. 
520 |a One thing that separates human beings from the rest of the animal world is our ability to control behavior by referencing internal plans, goals, and rules. This ability, which is crucial to our success in a complex social environment, depends on the purposeful generation of "task sets"--States of mental readiness that allow each of us to engage with the world in a particular way or achieve a particular aim. This book reports the latest research regarding the activation, maintenance, and suppression of task sets 
505 0 0 |g 1.  |t Task Switching and Cognitive Control: An Introduction /  |r James A. Grange and George Houghton --  |g 2.  |t Tasks, Task Sets, and the Mapping Between Them /  |r Darryl W. Schneider and Gordon D. Logan --  |g 3.  |t The Task-Cuing Paradigm: A User's Guide /  |r Nachshon Meiran --  |g 4.  |t The Mixing Cost as a Measure of Cognitive Control /  |r Paloma Mari-Beffa and Alexander Kirkham --  |g 5.  |t -- The Extended-Runs Procedure and Restart Cost /  |r Erik M. Altmann --  |g 6.  |t -- Voluntary Task Wwitching /  |r Catherine M. Arrington, Kaitlin M. Reiman, and Starla M. Weaver --  |g 7.  |t Inhibitory Control in Task Switching /  |r Miriam Gade, Stefanie Schuch, Michel Duey, and Iring Koch --  |g 8.  |t Models of Cognitive Control in Task Switching /  |r James A. Grange and George Houghton --  |g 9.  |t Event-Related Potentials Reveal Multiple Components of Proactive and -- Reactive Control in Task Switching /  |r Frini Karayanidis and Sharna D. Jamadar --  |g 10.  |t Neuroimaging Studies of Task Switching /  |r Franziska R. Richter and Nick Yeung --  |g 11.  |t Task Switching and Executive Dysfunction /  |r Abhijit Das and Glenn R. Wylie --  |g 12.  |t Task Switching in Psychiatric Disorders /  |r Susan M. Ravizza and Ruth E. Salo --  |g 13.  |t Cognitive Flexibility in Childhood and Adolescence /  |r Sabine Peters and Eveline A. Crone --  |g 14.  |t Task Switching and Aging /  |r Jutta Kray and Nicola K. Ferdinand. 
650 0 |a Motivation (Psychology) 
650 0 |a Cognition. 
650 0 |a Age factors in disease. 
650 1 2 |a Cognition 
650 2 |a Motivation 
650 2 2 |a Age Factors 
650 2 2 |a Behavior Control 
650 6 |a Motivation (Psychologie) 
650 6 |a Cognition. 
650 6 |a Maladies  |x Facteurs liés à l'âge. 
650 7 |a cognition.  |2 aat 
650 7 |a PSYCHOLOGY  |x Cognitive Psychology.  |2 bisacsh 
650 7 |a SCIENCE  |x Cognitive Science.  |2 bisacsh 
650 7 |a Cognition  |2 fast 
650 7 |a Age factors in disease  |2 fast 
650 7 |a Motivation (Psychology)  |2 fast 
655 7 |a Electronic books.  |2 local 
700 1 |a Grange, James  |q (James A.)  |1 https://id.oclc.org/worldcat/entity/E39PCjM7jwMgp8RJmvX9HrT6YX 
700 1 |a Houghton, George. 
758 |i has work:  |a Task switching and cognitive control (Text)  |1 https://id.oclc.org/worldcat/entity/E39PCH8kgDx4gG9f8mJgcmtyq3  |4 https://id.oclc.org/worldcat/ontology/hasWork 
856 4 0 |u http://proxy.library.tamu.edu/login?url=https://academic.oup.com/book/6071  |z Connect to the full text of this electronic book  |t 0 
955 |a Oxford Scholarship Online 
994 |a 92  |b TXA 
999 f f |i 0f06b1e4-5bf4-46c8-9ed3-4696e6140221  |s 9673b858-e393-4cb3-889e-074f44524dcc  |t 0 
952 f f |a Texas A&M University  |b College Station  |c Electronic Resources  |s www_evans  |d Available Online  |t 0  |e BF637.B4 T37 2014  |h Library of Congress classification 
998 f f |a BF637.B4 T37 2014  |t 0  |l Available Online